Landscape and silence

Tallennettuna:
Bibliografiset tiedot
Päätekijä: Pinter, Harold
Aineistotyyppi: Kirja
Kieli:Undetermined
Julkaistu: New York, Estados Unidos Grove Press 1970
Painos:3
Aiheet:
Tagit: Lisää tagi
Ei tageja, Lisää ensimmäinen tagi!

MARC

LEADER 00000nam a2200000Ia 4500
008 170316s9999 xx 000 0 und d
040 |a cru BVZT 
090 |a 820 P-4L 
100 |a Pinter, Harold 
245 |a Landscape and silence 
250 |a 3 
260 |a New York, Estados Unidos 
260 |b Grove Press 
260 |c 1970 
300 |a 61 páginas 
650 |a LITERATURA INGLESA  |9 12 
999 |c 7052  |d 7052 
942 |c LIB  |h 820 P-4L  |2 z